000 00514nam a2200193Ia 4500
008 180207s9999 xx 000 0 und d
020 _a9780439784689
050 _bB218 2005
100 _aBanks, Steven
245 _aSpongebob goes to the doctor /
245 _cby Steven Banks ; illustrated by Zina Saunders.
260 _aNew York :
260 _bScholastic,
260 _c2005
300 _aunpaged :
300 _bcolor illustration ;
300 _c20cm.
440 _aNick : spongebob squarepants.
999 _c355652
_d355652